| 000 | 01592cab a2200217 4500 | ||
|---|---|---|---|
| 001 | L129503 | ||
| 008 | 050426n2005 000 0 eng u | ||
| 035 | _a(Sirsi) u129503 | ||
| 041 | _aeng | ||
| 100 | _aHorisberger, Patrick | ||
| 245 | _aDocumenting and finding geospatial data | ||
| 260 | _c2005 | ||
| 490 |
_aGEOconnexion International Magazine _v4(4) April 2005, 51-53(2) |
||
| 520 | _aExamines how metadata developments are facilitating the description of growing amounts of geospatial information and data and are providing a more comprehensive solution with respect to documentation. Considers the recent development of a number of metadata standards for geographical data, in particular the ISO 19115/19119 standard, and the issues involved in creating a metadata catalogue or portal, which allows the exchange of geographical data and information between data producers and users. Looks in detail at the use of the GeoTask generic metadata management solution to produce the Swiss national metadata catalogue. This catalogue shows that uniform and well-organised documentation of geospatial data ensures wide dissemination and good use of the relevant information. | ||
| 590 | _aIKA290402 | ||
| 650 | _aISO 19115 | ||
| 650 | _aISO 19119 | ||
| 690 | _aENVIRONMENTAL AND LAND CONSULTANCY-GEOMATICS-GEOGRAPHIC INFORMATION SCIENCE-SPATIAL DATA AND METADATA MANAGEMENT | ||
| 856 |
_uhttps://www.swisstopo.admin.ch/internet/swisstopo/en/home/services/geology/GeolInfoCent.html _zView the Swiss national metadata catalogue free of charge at www.swisstopo.admin.ch |
||
| 942 | _n0 | ||
| 999 |
_c75131 _d75131 |
||